| 000 | 00680cam a22002172 4500 | ||
|---|---|---|---|
| 001 | 0000006208 | ||
| 005 | 20151021151109.0 | ||
| 008 | 070926s xx 000 0 eng d | ||
| 020 |
_a8120306244 : _cKES 950 |
||
| 040 |
_aKABU _cKABU |
||
| 100 | 1 |
_aDeCenzo, David A. _@0000150760 |
|
| 245 | 1 | 0 |
_aPersonnel/human resource management. / _cDavid A. DeCenzo, Stephen P. Robbins. |
| 250 | _a3rd ed. | ||
| 260 |
_aNew Delhi : _bPrentice Hall, _c1988. |
||
| 300 | _axvii, 637 p. | ||
| 650 | 0 |
_aPersonnel management. _@0000150761 |
|
| 700 | 1 |
_aRobbins, Stephen P. _@0000150759 |
|
| 908 | _a070926 | ||
| 950 | _@1 | ||
| 999 |
_c636 _d636 |
||